| 000 | 01348cam a2200325 a 4500 | ||
|---|---|---|---|
| 090 | _c0 | ||
| 001 | 12201593 | ||
| 005 | 20070509075118.0 | ||
| 008 | 001013s2000 inua b 001 0 eng d | ||
| 010 | _a00709602 | ||
| 020 | _a0028638174 | ||
| 035 | _a(OCoLC)ocm44390779 | ||
| 040 |
_aJBW _cJBW _dDLC |
||
| 042 | _alccopycat | ||
| 050 | 0 | 0 |
_aBL515 _b.H36 2000 |
| 082 | 0 | 0 |
_a133.90135 _221 _bHAM |
| 100 | 1 | _aHammerman, David. | |
| 245 | 1 | 4 |
_aThe Complete IDIOT'S Guide to Reincarnation / _cby David Hammerman and Lisa Leonard. |
| 246 | 3 | 0 | _aReincarnation |
| 260 |
_aIndianapolis, IN : _bAlpha Books, _cc2000. |
||
| 300 |
_axxi, 361 p. : _bill. ; _c24 cm. |
||
| 504 | _aIncludes bibliographical references (p. [337]-342) and index. | ||
| 650 | 0 | _aReincarnation. | |
| 700 | 1 | _aLenard-Cook, Lisa. | |
| 856 | 4 | 2 |
_3Contributor biographical information _uhttp://www.loc.gov/catdir/enhancements/fy0716/00709602-b.html |
| 856 | 4 | 2 |
_3Publisher description _uhttp://www.loc.gov/catdir/enhancements/fy0716/00709602-d.html |
| 942 |
_2ddc _cBB |
||
| 999 |
_c10449 _d10449 |
||